000
00323nam a2200157Ia 4500
008
220923s9999 xx 000 0 und d
020
_a
9789350353752
082
_b
KHA
100
_a
KHANNA, RITA
245
0
_a
MUSLIM LAW
250
_a
1ST
260
_c
2013
300
_a
171
650
_a
Muslim Law
942
_c
BK
999
_c
195649
_d
195649